| 000 | 00727nam a22002055i 4500 | ||
|---|---|---|---|
| 001 | 162577 | ||
| 003 | ES-MaACL | ||
| 005 | 20230906212546.0 | ||
| 008 | 990728s1872 sp |||| | spa d | ||
| 040 |
_aCCPB | B _bspa _cCCPB | B |
||
| 100 | 1 |
_aPrieto y Villarreal, Emilio. _993952 |
|
| 245 | 1 | 0 |
_a1870-1871 _b: cartas escritas con motivo de la guerra franco-alemana / _cpor Emilio Prieto y Villareal. |
| 260 |
_aMadrid : _b[s.n.], _c1872 ( _fEst. Tip. de P. Abienzo) |
||
| 300 |
_a[2], 506 p. ; _c21 cm. |
||
| 510 | 4 |
_aPalau, _ct. XIII, 237138 |
|
| 597 | 1 | _aAntep. | |
| 650 | 4 |
_aGuerra franco-prusiana, 1870-1871. _9136210 |
|
| 852 |
_aES-MaACL _jG-8745 _z-- Enc. pasta espaƱola |
||
| 852 |
_aES-MaACL _jD-608 _z-- Rust. |
||
| 999 |
_c162577 _d162577 |
||